Handbook to the modern world : Asia and the pacific

Bibliographic Details
Other Authors: Taylor, Robert H
Format: Book
Published: New York : Facts on File , 1990
Series:Libarary has vol 1 & 2
Subjects:

MARC

LEADER 00000cam a2200000 7i4500
001 0000005259
002 000005682
005 20000330.0
020 |a 0816018278 
090 0 0 |a 950   |b ASI 
245 0 0 |a Handbook to the modern world :   |b Asia and the pacific   |c edited by Robert H.Taylor 
260 |a New York :   |b Facts on File ,   |c 1990 
300 |a p.v. ;   |c 23cm. 
490 0 |a Libarary has vol 1 & 2 
651 0 |a Asian Pacific   |x Handbooks, manuals, etc 
700 1 |a Taylor, Robert H 
999 |a 033642   |b BUKU   |c PINJAMAN   |e PERPUSTAKAAN KOMUNITI PETALING JAYA 
999 |a 033643   |b BUKU   |c PINJAMAN   |e PERPUSTAKAAN KOMUNITI PETALING JAYA